00322nam a2200109Ia 450000500170000000800410001710000250005824500830008326000220016630000110018865000130019920260328104335.0260328s9999||||xx |||||||||||||| ||und|| aVillegas, Benjamín 0aCasa Campesina :b Arquitectura Vernácula de Colombia /cBenjamín Villegas bVillegas Editores a167 p. aCOLOMBIA